| 000 | 00654nam a22001697a 4500 | ||
|---|---|---|---|
| 005 | 20250213085312.0 | ||
| 008 | 250213b |||||||| |||| 00| 0 eng d | ||
| 082 |
_22024 _aUT |
||
| 100 |
_aGama, Erica Mae _965176 |
||
| 245 |
_aTourist trip motivation in Digos City's nature-based tourism / _cErica Mae Gama, Mohpaul Richard D. Tecson, and Carhein Grace P. Saquilabon |
||
| 260 |
_aDigos City : _bUMDC, _c©May 2024. |
||
| 300 |
_aviii, 44 pages : _billustration (some colors) ; _c29 cm. |
||
| 500 | _aIncludes reference and appendices. | ||
| 700 |
_aTecson, Mohpaul Richard D. _965177 |
||
| 700 |
_aSaquilabon, Carhein Grace P. _965178 |
||
| 942 |
_2ddc _cUT |
||
| 999 |
_c23419 _d23419 |
||